LEADER 03517nam 2200865 450 001 9910464416803321 005 20200520144314.0 010 $a1-60649-635-2 035 $a(CKB)3710000000103673 035 $a(EBL)1573538 035 $a(SSID)ssj0001141701 035 $a(PQKBManifestationID)12374455 035 $a(PQKBTitleCode)TC0001141701 035 $a(PQKBWorkID)11093261 035 $a(PQKB)10139495 035 $a(OCoLC)867482213 035 $a(CaBNVSL)swl00402994 035 $a(MiAaPQ)EBC1573538 035 $a(Au-PeEL)EBL1573538 035 $a(CaPaEBR)ebr10821752 035 $a(OCoLC)922907341 035 $a(EXLCZ)993710000000103673 100 $a20140103d2014 fy 0 101 0 $aeng 135 $aur|n|---||||| 181 $ctxt 182 $cc 183 $acr 200 12$aA primer on sustainability $ein the business environment /$fRonald Whitfield and Jeanne McNett 205 $aFirst edition. 210 1$aNew York, New York (222 East 46th Street, New York, NY 10017) :$cBusiness Expert Press,$d2014. 215 $a1 online resource (172 p.) 225 1 $aEnvironmental and social sustainability for business advantage collection,$x2327-3348 300 $aPart of: 2014 digital library. 311 $a1-60649-634-4 320 $aIncludes bibliographical references (pages 143-149) and index. 327 $aPreface -- Acknowledgments -- 1. Sustainability: meaning and context -- 2. Systems and tools for sustainability -- 3. Thinking about major sustainability issues -- 4. Decision making in sustainability: case studies -- 5. Concluding thoughts -- Notes -- References -- Index. 330 3 $aWhat does sustainability in the business environment really mean? The concept has evolved from a vague goal to "save the planet" to become a strategic imperative for business to enhance performance across many dimensions. We live in an age of increasing corporate accountability and if a business expects to survive for the long term, it must adhere to ever higher standards of behavior and continuously develop more sustainable ways of doing business. 410 0$a2014 digital library. 410 0$aEnvironmental and social sustainability for business advantage collection.$x2327-3348. 606 $aSustainability 606 $aCorporations$xEnvironmental aspects 608 $aElectronic books. 610 $asustainability 610 $aprecautionary principle 610 $acorporate accountability 610 $aenvironmental movement 610 $agreen washing 610 $atriple bottom line 610 $asustainable business operations 610 $asustainable innovation 610 $asustainable supply chain 610 $acradle-to-cradle design 610 $alife cycle assessment 610 $acorporate reporting systems 610 $athe global reporting initiative 610 $athe global compact 610 $athe carbon disclosure project 610 $acarbon footprint 610 $awater footprint 610 $aindices on sustainability 610 $atransparency 610 $astakeholder theory 615 0$aSustainability. 615 0$aCorporations$xEnvironmental aspects. 676 $a658.408 700 $aWhitfield$b Ronald.$0967475 702 $aMcNett$b Jeanne M.$f1946- 801 0$bMiAaPQ 801 1$bMiAaPQ 801 2$bMiAaPQ 906 $aBOOK 912 $a9910464416803321 996 $aA primer on sustainability$92196518 997 $aUNINA LEADER 01186nam a2200253 i 4500 001 991000441329707536 008 035 $ab13857782-39ule_inst 040 $aSet. Economia - SAGA$bita 082 0 $a348.4502 245 00$aLex24 & repertorio24 [Risorsa elettronica] :$bil sistema integrato di informazione giuridica 260 $aMilano :$bIl sole 24 ore 300 $aDVD-ROM ;$c12 cm 310 $aPeriodicità non determinata 500 $aPosseduto: LE025SAGA 2007- 500 $aRequisiti del sistema: PC compatibile IBM con processore Pentium; 64 MB di RAM; 60 MB di spazio su disco rigido; lettore DVD-ROM; Windows 2000, XP professional, XP home edition; Internet explorer 6.0 o succesive; Acrobat reader 7.08 610 14$aItalia$xLegislazione 907 $a.b13857782$b02-04-14$c17-11-09 912 $a991000441329707536 945 $aLE025 SAGA$c2009$g1$lle025$on$pE1,140.00$q-$rn$so $t14$u0$v0$w0$x0$y.i15030970$z17-11-09 945 $aLE025 SAGA$g1$lle025$o-$pE0.00$q-$rn$so $t14$u0$v0$w0$x0$y.i15030982$z17-11-09 996 $aLex24 & repertorio24$9230926 997 $aUNISALENTO 998 $ale025$b17-11-09$cm$da $e-$fita$git $h0$i0 LEADER 00973nam0 22002531i 450 001 UON00136425 005 20231205102822.695 100 $a20020107d1947 |0itac50 ba 101 $aeng 102 $aIN 105 $a|||| 1|||| 200 1 $aˆAn ‰Echo from Andamans$eletters written by Veer Savarkar to his brother Dr. Savarkar$fVeer Savarkar 210 $aPoona$cVenus Book stall$d1947 215 $a101 p.$d18 cm 620 $dPune$3UONL000209 686 $aSI VI N$cSUBCONT. INDIANO - LETTERATURA ANGLO-INDIANA$2A 700 1$aSAVARKAR$bVeer$3UONV082950$0670256 712 $aVenus Book Stall$3UONV263379$4650 801 $aIT$bSOL$c20240220$gRICA 899 $aSIBA - SISTEMA BIBLIOTECARIO DI ATENEO$2UONSI 912 $aUON00136425 950 $aSIBA - SISTEMA BIBLIOTECARIO DI ATENEO$dSI SI VI N 039 $eSI SA 60781 5 039 996 $aEcho from Andamans$91316021 997 $aUNIOR